Estudios en biociencias y derecho (Registro nro. 17718)

Detalles MARC
000 -LDR (LÍDER)
Campo de control de longitud fija 01411nam a2200349 a 4500
001 - NÚMERO DE CONTROL
control field 991004811739707486
003 - IDENTIFICADOR DEL NÚMERO DE CONTROL
Campo de control CO-PeBPR
005 - FECHA Y HORA DE LA ÚLTIMA TRANSACCIÓN
Campo de control 20260417111426.0
008 - ELEMENTOS DE DATOS DE LONGITUD FIJA--INFORMACIÓN GENERAL
Campo de control de longitud fija 181119s2018 ck gr 000 0 spa d
020 ## - Código Internacional normalizado para libros
Código Internacional normalizado para libros 9789587834888
040 0# - FUENTE DE CATALOGACIÓN
Agencia catalogadora original CO-PeBPR
Idioma de la agencia catalogadora spa
Agencia que transcribe CO-PeBPR
Norma para la descripción rda
041 0# - Código del Idioma
Código idioma del recurso original spa
082 04 - NÚMERO DE CLASIFICACIÓN DECIMAL DEWEY
Número de clasificación 333.9509861 U76e
245 10 - MENCIÓN DE TÍTULO
Título propiamente dicho Estudios en biociencias y derecho
Mención de responsabilidad / editado por Martín Uribe Arbeláez, Brayan Cristóbal Salinas Malaver
260 ## - PUBLICATION, DISTRIBUTION, ETC. (IMPRINT)
Place of publication, distribution, etc Bogotá, Colombia
Name of publisher, distributor, etc : Universidad Nacional de Colombia
-- ; Instituto Unidad de Investigaciones Jurídico-Sociales Gerardo Molina
Date of publication, distribution, etc , 2018
300 ## - DESCRIPCIÓN FÍSICA
Extensión 264 páginas
Dimensiones ; 24 centímetros
336 ## - Tipo de Contenido
Tipo de contenido texto
Código de tipo de contenido txt
Fuente rdacontenido
337 ## - Tipo de Medio
Tipo de Medio sin mediación
Código de tipo de medio n
Fuente rdamedio
338 ## - Tipo de Soporte
Tipo de soporte volumen
Código de tipo de soporte nc
Fuente rdasoporte
490 0# - MENCIÓN DE SERIE
Título de la serie Colección libros de texto
Volumen, número de designación secuencial, según fuente de información v11
504 ## - NOTA DE BIBLIOGRAFIA, ETC.
Nota de bibliografía Incluye bibliografía.
650 14 - ASIENTO SECUNDARIO DE MATERIA - TÉRMINO TEMÁTICO
Fuente del encabezado o término LEMB
Encabezamiento temático Diversidad biológica
Subdivisión geográfica Colombia
650 14 - ASIENTO SECUNDARIO DE MATERIA - TÉRMINO TEMÁTICO
Fuente del encabezado o término LEMB
Encabezamiento temático Conservación de la diversidad biológica
Subdivisión geográfica Colombia
650 14 - ASIENTO SECUNDARIO DE MATERIA - TÉRMINO TEMÁTICO
Encabezamiento temático Derecho ambiental
Subdivisión geográfica Colombia
Fuente del encabezado o término LEMB
650 14 - ASIENTO SECUNDARIO DE MATERIA - TÉRMINO TEMÁTICO
Fuente del encabezado o término LEMB
Encabezamiento temático Conservación de los recursos genéticos
Subdivisión geográfica Colombia.
650 14 - ASIENTO SECUNDARIO DE MATERIA - TÉRMINO TEMÁTICO
Fuente del encabezado o término LEMB
Encabezamiento temático Derecho a la salud
Subdivisión geográfica Colombia
650 14 - ASIENTO SECUNDARIO DE MATERIA - TÉRMINO TEMÁTICO
Fuente del encabezado o término LEMB
Encabezamiento temático Legalización de la marihuana
Subdivisión general Aspectos jurídicos
Subdivisión geográfica Colombia
700 1# - ASIENTO SECUNDARIO - NOMBRE PERSONAL
Nombre personal Uribe Arbeláez, Martín
Fechas asociadas al nombre 1954-
Término de relación, rol en la obra editor
700 1# - ASIENTO SECUNDARIO - NOMBRE PERSONAL
Nombre personal Salinas Malaver, Brayan Cristóbal
Fechas asociadas al nombre 1986-
Término de relación, rol en la obra editor
942 ## - ENTRADA DE ELEMENTOS AGREGADOS (KOHA
Fuente de clasificación o esquema de estantería. Dewey Decimal Classification
Tipo de ítem Libro
949 ## - LOCAL PROCESSING INFORMATION (OCLC)
a n
b c
Existencias
Estado de pérdida Fuente del sistema de clasificación o colocación Estado de daño No disponible para préstamo Colección Biblioteca de origen Biblioteca actual Ubicación en estantería Signatura topográfica completa Ejemplar Código de barras Tipo de ítem Fecha de adquisición Fuente de adquisición Total de pagos Fecha de la última vez visto
  Dewey Decimal Classification     General Biblioteca Pública Departamental Comfamiliar Risaralda Biblioteca Pública Departamental Comfamiliar Risaralda Área General 333.9509861 U76e Ej.1 RIBPD14862 Libro 17/04/2026 Dotación MinCultura y BNC   17/04/2026